Detalles MARC
| 000 -LEADER |
| fixed length control field |
02077nam a2200469Ii 4500 |
| 001 - CONTROL NUMBER |
| control field |
DIGBONART0057 |
| 003 - CONTROL NUMBER IDENTIFIER |
| control field |
NyNyDIG |
| 008 - FIXED-LENGTH DATA ELEMENTS--GENERAL INFORMATION |
| fixed length control field |
160316t20142014mx a ob 001 e spa d |
| 006 - FIXED-LENGTH DATA ELEMENTS--ADDITIONAL MATERIAL CHARACTERISTICS |
| fixed length control field |
m o d |
| 007 - PHYSICAL DESCRIPTION FIXED FIELD--GENERAL INFORMATION |
| fixed length control field |
cr ||||||||||| |
| 035 ## - SYSTEM CONTROL NUMBER |
| System control number |
(OCoLC)945027050 |
| 040 ## - CATALOGING SOURCE |
| Original cataloging agency |
DGITA |
| Language of cataloging |
eng |
| Description conventions |
rda |
| -- |
pn |
| Transcribing agency |
DGITA |
| 020 ## - INTERNATIONAL STANDARD BOOK NUMBER |
| Canceled/invalid ISBN |
9786078348244 |
| Qualifying information |
(Bonilla Artigas Editores) |
| 020 ## - INTERNATIONAL STANDARD BOOK NUMBER |
| Canceled/invalid ISBN |
6078348248 |
| Qualifying information |
(Bonilla Artigas Editores) |
| 020 ## - INTERNATIONAL STANDARD BOOK NUMBER |
| Canceled/invalid ISBN |
9786075168012 |
| Qualifying information |
(Conaculta) |
| 020 ## - INTERNATIONAL STANDARD BOOK NUMBER |
| Canceled/invalid ISBN |
607516801X |
| Qualifying information |
(Conaculta) |
| 050 14 - LIBRARY OF CONGRESS CALL NUMBER |
| Classification number |
PQ7798.35.U7 eBook |
| 100 1# - MAIN ENTRY--PERSONAL NAME |
| Personal name |
Yurkiévich, Saúl, |
| Relator term |
author. |
| 240 10 - UNIFORM TITLE |
| Uniform title |
Essays. |
| Form subheading |
Selection |
| 245 10 - TITLE STATEMENT |
| Title |
Del arte pictórico al arte verbal / |
| Statement of responsibility, etc. |
Saúl Yurkievich ; compilación y edición de Gladis Yurkievich ; París al día siguiente (epílogo) por Adolfo Castañón. |
| 250 ## - EDITION STATEMENT |
| Edition statement |
Primera edición. |
| 264 #1 - PRODUCTION, PUBLICATION, DISTRIBUTION, MANUFACTURE, AND COPYRIGHT NOTICE |
| Place of production, publication, distribution, manufacture |
México, D.F. : |
| Name of producer, publisher, distributor, manufacturer |
Bonilla Artigas Editores : |
| -- |
Consejo Nacional para la Cultura y las Artes, CONACULTA, |
| Date of production, publication, distribution, manufacture, or copyright notice |
2014. |
| 264 #4 - PRODUCTION, PUBLICATION, DISTRIBUTION, MANUFACTURE, AND COPYRIGHT NOTICE |
| Date of production, publication, distribution, manufacture, or copyright notice |
©2014 |
| 300 ## - PHYSICAL DESCRIPTION |
| Extent |
1 online resource : |
| Other physical details |
illustrations. |
| 336 ## - CONTENT TYPE |
| Content type term |
text |
| Content type code |
txt |
| Source |
rdacontent |
| 337 ## - MEDIA TYPE |
| Media type term |
computer |
| Media type code |
c |
| Source |
rdamedia |
| 338 ## - CARRIER TYPE |
| Carrier type term |
online resource |
| Carrier type code |
cr |
| Source |
rdacarrier |
| 490 1# - SERIES STATEMENT |
| Series statement |
Las semanas del jardín ; |
| Volume/sequential designation |
7 |
| 504 ## - BIBLIOGRAPHY, ETC. NOTE |
| Bibliography, etc. note |
Includes bibliographical references and index. |
| 588 0# - SOURCE OF DESCRIPTION NOTE |
| Source of description note |
Online resource; title from PDF title page (Digitalia, viewed March 18, 2016) |
| 650 #0 - SUBJECT ADDED ENTRY--TOPICAL TERM |
| Topical term or geographic name entry element |
Art and literature. |
| 655 #0 - INDEX TERM--GENRE/FORM |
| Genre/form data or focus term |
Electronic books. |
| 700 1# - ADDED ENTRY--PERSONAL NAME |
| Personal name |
Yurkievich, Gladis, |
| Relator term |
editor. |
| 700 1# - ADDED ENTRY--PERSONAL NAME |
| Personal name |
Castañón, Adolfo, |
| Dates associated with a name |
1952- |
| Relator term |
contributor agent of text. |
| 791 2# - |
| -- |
Digitalia (Firm), |
| -- |
distributor. |
| 793 0# - |
| -- |
Digitalia eBook Collection: |
| -- |
Bonilla Artigas Editores |
| 776 08 - ADDITIONAL PHYSICAL FORM ENTRY |
| Relationship information |
Print version: |
| Main entry heading |
Yurkiévich, Saúl, |
| Title |
Del arte pictórico al arte verbal. |
| Edition |
Primera edición |
| Place, publisher, and date of publication |
México, D.F. : Bonilla Artigas Editores : Consejo Nacional para la Cultura y las Artes, CONACULTA, 2014. |
| International Standard Book Number |
9786078348244 |
| Record control number |
(OCoLC)911502807 |
| 830 #0 - SERIES ADDED ENTRY--UNIFORM TITLE |
| Uniform title |
Semanas del jardín ; |
| Volume/sequential designation |
7. |
| 856 40 - ELECTRONIC LOCATION AND ACCESS |
| Materials specified |
Digitalia Hispánica |
| Uniform Resource Identifier |
<a href="https://www.digitaliapublishing.com/a/40018/">https://www.digitaliapublishing.com/a/40018/</a> |
| 910 ## - USER-OPTION DATA (OCLC) |
| User-option data |
Premium Collection: 2016 |
| 942 ## - ADDED ENTRY ELEMENTS (KOHA) |
| Koha item type |
Recurso Electrónico |